书目信息 |
| 题名: |
阅卷人点拨考研英语历年真题15天突破
|
|
| 作者: | 成芬 , 董亮 主编 | |
| 分册: | ||
| 出版信息: | 北京 中国石化出版社 2014.2 |
|
| 页数: | 312页 | |
| 开本: | 26cm | |
| 丛书名: | 2015考研专家指导丛书 | |
| 单 册: | ||
| 中图分类: | H310.421-44 | |
| 科图分类: | ||
| 主题词: | 英语--Ying Yu--硕士生--入学考试--题解 , 硕士生--Shuo Shi Sheng , 入学考试--Ru Xue Kao Shi , 题解--Ti Jie | |
| 电子资源: | ||
| ISBN: | 978-7-5114-2629-1 | |
| 000 | 01097nam0 22003011 450 | |
| 001 | 0121113041 | |
| 005 | 20161122102300.82 | |
| 010 | @a978-7-5114-2629-1@dCNY39.80 | |
| 100 | @a20140411d2014 em y0chiy50 ea | |
| 101 | 0 | @achi@aeng |
| 102 | @aCN@b110000 | |
| 105 | @aa zq 000yy | |
| 106 | @ar | |
| 200 | 1 | @a阅卷人点拨考研英语历年真题15天突破@AYue Juan Ren Dian Bo Kao Yan Ying Yu Li Nian Zhen Ti 15Tian Tu Po@f成芬,董亮主编 |
| 210 | @a北京@c中国石化出版社@d2014.2 | |
| 215 | @a312页@c图@d26cm@e1手册(62页;21cm) | |
| 225 | 2 | @a2015考研专家指导丛书@A2015Kao Yan Zhuan Jia Zhi Dao Cong Shu |
| 330 | @a本书分15天,分别收录了2000~2014年全国硕士研究生入学统一考试英语试题和试题精解。 | |
| 461 | 0 | @12001 @a2015考研专家指导丛书 |
| 606 | 0 | @a英语@AYing Yu@x硕士生@x入学考试@j题解 |
| 606 | 0 | @a硕士生@AShuo Shi Sheng |
| 606 | 0 | @a入学考试@ARu Xue Kao Shi |
| 606 | 0 | @a题解@ATi Jie |
| 690 | @aH310.421-44@v5 | |
| 701 | 0 | @a成芬@ACheng Fen@g(英语)@4主编 |
| 701 | 0 | @a董亮@ADong Liang@g(英语)@4主编 |
| 801 | 0 | @aCN@bTANGWEI@c20161117 |
| 905 | @b0898096-100@dH310.421-44@e1615@f5 | |
| 阅卷人点拨考研英语历年真题15天突破/成芬,董亮主编 .-北京:中国石化出版社,2014.2 |
| 312页:图;26cm+1手册(62页;21cm).-(2015考研专家指导丛书) |
| ISBN 978-7-5114-2629-1:CNY39.80 |
| 本书分15天,分别收录了2000~2014年全国硕士研究生入学统一考试英语试题和试题精解。 |
| ● |
| 相关链接 |
|
|
|
|
正题名:阅卷人点拨考研英语历年真题15天突破
索取号:H310.421-44/1615
 
预约/预借
| 序号 | 登录号 | 条形码 | 馆藏地/架位号 | 状态 | 备注 |
| 1 | 0898096 | 208980968 | 第二样本阅览室/ [索取号:H310.421-44/1615] | 在馆 | |
| 2 | 0898097 | 208980977 | 第四借阅区/ [索取号:H310.421-44/1615] | 在馆 | |
| 3 | 0898098 | 208980986 | 第四借阅区/ [索取号:H310.421-44/1615] | 在馆 | |
| 4 | 0898099 | 208980995 | 第四借阅区/ [索取号:H310.421-44/1615] | 在馆 | |
| 5 | 0898100 | 208981002 | 第四借阅区/ [索取号:H310.421-44/1615] | 在馆 |